| 000 | 00447nam a2200145 a 4500 | ||
|---|---|---|---|
| 001 | 000031998 | ||
| 005 | 20200930063338.0 | ||
| 008 | 110707s1963 pr 000 0 spa d | ||
| 040 |
_aDO-SdBNP _bspa _cBNPHU |
||
| 100 | 1 |
_aGómez Kemp., Ramiro _958151 |
|
| 245 | 1 | 0 |
_aPlaya Girón y otros poemas : _b20 poemas del detierro / _cRamiro Gómez Kemp. |
| 260 |
_aSan Juan, Puerto Rico : _bLito Prensa, _c1963. |
||
| 300 |
_a31 p. ; _c22 cm. |
||
| 049 | _aBNPD | ||
| 999 |
_c31489 _d31489 |
||